<?xml version="1.0" encoding="UTF-8"?>
<record
    xmlns:xsi="http://www.w3.org/2001/XMLSchema-instance"
    xsi:schemaLocation="http://www.loc.gov/MARC21/slim http://www.loc.gov/standards/marcxml/schema/MARC21slim.xsd"
    xmlns="http://www.loc.gov/MARC21/slim">

  <leader>00782nab a2200217uuc4500</leader>
  <controlfield tag="001">1124293</controlfield>
  <controlfield tag="005">20240918091007.0</controlfield>
  <controlfield tag="008">090213e20080901                    spa  </controlfield>
  <datafield tag="035" ind1=" " ind2=" ">
    <subfield code="a">1124293</subfield>
  </datafield>
  <datafield tag="035" ind1=" " ind2=" ">
    <subfield code="a">(OCoLC)820453624</subfield>
  </datafield>
  <datafield tag="040" ind1=" " ind2=" ">
    <subfield code="c">comduadb</subfield>
  </datafield>
  <datafield tag="041" ind1=" " ind2=" ">
    <subfield code="a">spa</subfield>
  </datafield>
  <datafield tag="100" ind1="1" ind2="0">
    <subfield code="a">Melo Gonz&#xE1;lez, Jorge Orlando,</subfield>
    <subfield code="d">1942-</subfield>
    <subfield code="4">aut</subfield>
    <subfield code="0">(isni)0000 0000 8108 340X</subfield>
    <subfield code="0">(viaf)29586396</subfield>
    <subfield code="e">aut</subfield>
    <subfield code="9">268651</subfield>
  </datafield>
  <datafield tag="245" ind1="1" ind2="0">
    <subfield code="a">Montaigne en el dia del maestro</subfield>
  </datafield>
  <datafield tag="650" ind1=" " ind2=" ">
    <subfield code="a">Montaigne, Michel Eyquem de, 1533-1592 - Cr&#xED;tica e interpretaci&#xF3;n</subfield>
    <subfield code="9">177481</subfield>
  </datafield>
  <datafield tag="650" ind1=" " ind2=" ">
    <subfield code="a">Naturaleza</subfield>
    <subfield code="9">9565</subfield>
  </datafield>
  <datafield tag="650" ind1=" " ind2=" ">
    <subfield code="a">Observaci&#xF3;n (M&#xE9;todo educativo)</subfield>
    <subfield code="9">85877</subfield>
  </datafield>
  <datafield tag="650" ind1=" " ind2="7">
    <subfield code="a">Antropolog&#xED;a de la educaci&#xF3;n</subfield>
    <subfield code="2">lemb</subfield>
    <subfield code="9">10118</subfield>
  </datafield>
  <datafield tag="773" ind1="0" ind2=" ">
    <subfield code="t">N&#xFA;mero (Bogot&#xE1;)</subfield>
    <subfield code="g">No. 58, Sep.-Nov. 2008, p. 20-26</subfield>
    <subfield code="w">891880</subfield>
    <subfield code="x">0121-7828</subfield>
    <subfield code="0">327896</subfield>
  </datafield>
  <datafield tag="942" ind1=" " ind2=" ">
    <subfield code="c">ARIMP</subfield>
  </datafield>
  <datafield tag="999" ind1=" " ind2=" ">
    <subfield code="c">486199</subfield>
    <subfield code="d">486199</subfield>
  </datafield>
</record>
